000 01332nam a2200265Ia 4500
999 _c52687
_d52687
001 19711
003 GE_BSU
005 20200402201234.0
008 181216s1975||||ge |||||||||||||| ||geo||
040 _cGE_BSU
041 _ageo
080 _a811.353.1-91-26 ღ-73
100 _aღლონტი, ალ.
_91038
245 _aხალხური პროზის ენისა და სტილის საკითხები /
_cალ. ღლონტი ; რედ. შ.კეკელია.
264 _aთბილისი
_bთბილ. უნ-ტის გამ-ბა,
_c1975.
300 _a142 გვ. ;
_c19 სმ.
541 _h1ლ. 60თ.
653 _aქართული ენა
653 _aქართული ხალხური პროზის ენა
653 _aქართული ხალხური პროზის სტილი
653 _aხალხური პროზის ენისა და სტილის საკითხები
700 _aკეკელია, შ.
_eრედაქტორი
_97846
710 _aსაქ. სსრ უმაღლ. და საშ. სპეც. განათლ. სამინისტროს სამეც.-მეთოდ. კაბ-ტი
_97847
942 _cBK
_2udc